[Event "2. Bundesliga West 2014/15"]
[Site "Diverse"]
[Date "2014.11.30"]
[Round "5"]
[Board "3"]
[White "Webersberger, Johann"]
[Black "Pogan, Nikolas"]
[Result "1-0"]
[WhiteElo "2376"]
[BlackElo "2284"]
[PlyCount "91"]
[EventDate "2014.10.10"]
[EventType "team"]
[EventRounds "11"]
[EventCountry "AUT"]
[WhiteTeam "Ranshofen"]
[BlackTeam "Rochade Rum"]

1.Nf3 d5 2.g3 Nf6 3.Bg2 c6 4.O-O Bg4 5.d3 Nbd7 6.Nbd2 e5 7.e4 dxe4 8.dxe4 Be7 9.Qe2
O-O 10.a4 Qc7 11.Nc4 Rfe8 12.Re1 Bb4 13.c3 Bf8 14.b4 h6 15.Bd2 b6 16.h3 Be6 17.Nh4
a6 18.Nf5 b5 19.Nb2 Nb6 20.Qf3 Nfd7 21.Bf1 bxa4 22.Nxa4 a5 23.Nxb6 Qxb6 24.Be3 Qc7
25.bxa5 Rxa5 26.c4 Rea8 27.Rab1 Ra3 28.Qh5 Rb8 29.Rxb8 Qxb8 30.Qh4 Rc3 31.Rd1 Qb3
32.Ra1 Bxc4 33.Bxc4 Qxc4 34.Nxh6+ gxh6 35.Qg4+ Kh7 36.Qxd7 Qxe4 37.Qxf7+ Bg7 38.Ra7
Qg6 39.Qf3 Rd3 40.h4 h5 41.Kh2 Rd6 42.Bg5 e4 43.Qf8 Re6 44.Rd7 c5 45.Qxc5 Re8 46.Be3 1-0

[Event "2. Bundesliga West 2014/15"]
[Site "Diverse"]
[Date "2014.11.30"]
[Round "5"]
[Board "4"]
[White "Spornberger, Maximilian"]
[Black "Ager, Josef"]
[Result "1-0"]
[WhiteElo "2347"]
[BlackElo "2109"]
[PlyCount "89"]
[EventDate "2014.10.10"]
[EventType "team"]
[EventRounds "11"]
[EventCountry "AUT"]
[WhiteTeam "Rochade Rum"]
[BlackTeam "Ranshofen"]

1.e4 d6 2.d4 Nf6 3.Nc3 e5 4.Nf3 Nbd7 5.Bc4 Be7 6.O-O O-O 7.Re1 c6 8.a4 Qc7 9.h3 h6
10.Ba2 Re8 11.Be3 Bf8 12.Qd3 exd4 13.Qxd4 Ne5 14.Nh4 Be6 15.Bxe6 fxe6 16.f4 Nf7 17.Ng6
Kh7 18.Nxf8+ Rxf8 19.Rad1 a6 20.Qc4 Rfe8 21.b4 Rac8 22.a5 Kg8 23.Bb6 Qb8 24.Qe2 Nd7
25.Bf2 Qc7 26.Rd3 Qd8 27.Rg3 Nf8 28.Qg4 g6 29.h4 Qf6 30.h5 g5 31.Rf1 Nh7 32.fxg5 Nhxg5
33.Be3 Qe7 34.Ne2 e5 35.Qf5 Kh8 36.Qg6 Rg8 37.Bxg5 Nxg5 38.Qxh6+ Nh7 39.Rg6 Rcf8 40.Rxf8
Rxf8 41.Ng3 Rf7 42.Nf5 Qf8 43.Rxd6 Qxh6 44.Rxh6 Kg8 45.Re6 1-0

[Event "2. Bundesliga West 2014/15"]
[Site "Diverse"]
[Date "2014.11.30"]
[Round "5"]
[Board "5"]
[White "Knechtel, Roland"]
[Black "Hengl, Christian"]
[Result "0-1"]
[WhiteElo "2258"]
[BlackElo "2245"]
[PlyCount "92"]
[EventDate "2014.10.10"]
[EventType "team"]
[EventRounds "11"]
[EventCountry "AUT"]
[WhiteTeam "Ranshofen"]
[BlackTeam "Rochade Rum"]

1.c4 e5 2.Nc3 Nc6 3.g3 g6 4.Bg2 Bg7 5.d3 d6 6.Rb1 f5 7.e3 Nf6 8.Nge2 O-O 9.b4 Ne7
10.O-O c6 11.b5 Be6 12.bxc6 bxc6 13.Ba3 Qc7 14.Qa4 Rfb8 15.Rfc1 Nd7 16.Qa6 Rxb1 17.Rxb1
Rb8 18.Rc1 Bf7 19.Qa4 Nc5 20.Bxc5 dxc5 21.Rb1 Rxb1+ 22.Nxb1 Qb6 23.Qb3 Qb4 24.Nec3
e4 25.dxe4 Bxc4 26.Qc2 fxe4 27.Bxe4 Nd5 28.a3 Qb3 29.Na4 Qb5 30.Nd2 Be2 31.Nxc5 Nc3
32.Ndb3 Bd1 33.Qd3 Nxe4 34.Qd8+ Bf8 35.Nxe4 Bxb3 36.Nf6+ Kg7 37.Ne8+ Kg8 38.Nf6+ Kf7
39.Ne4 Qd5 40.Qc7+ Be7 41.f3 Bc2 42.Qxa7 Bxe4 43.fxe4 Qc5 44.Qa4 Qxe3+ 45.Kg2 Qe2+
46.Kh3 Qf1+ 0-1

[Event "2. Bundesliga West 2014/15"]
[Site "Diverse"]
[Date "2014.11.30"]
[Round "5"]
[Board "6"]
[White "Hoellrigl, Wilfried"]
[Black "Kuecher, Wolfgang"]
[Result "1-0"]
[WhiteElo "2153"]
[BlackElo "2077"]
[PlyCount "105"]
[EventDate "2014.10.10"]
[EventType "team"]
[EventRounds "11"]
[EventCountry "AUT"]
[WhiteTeam "Rochade Rum"]
[BlackTeam "Ranshofen"]

1.e4 g6 2.d4 Bg7 3.Nc3 c6 4.Be3 d5 5.Nf3 Bg4 6.Be2 dxe4 7.Nxe4 Nh6 8.Qd2 Nf5 9.O-O-O
Nxe3 10.fxe3 Qd5 11.Nc3 Qa5 12.Bc4 e6 13.h3 Bxf3 14.gxf3 Nd7 15.e4 Nb6 16.Bb3 O-O
17.Qe3 Rfd8 18.f4 Qb4 19.e5 Nd5 20.Nxd5 cxd5 21.c3 Qe7 22.h4 h5 23.Qf3 Qd7 24.Rhg1
b5 25.Rde1 b4 26.cxb4 Qb5 27.f5 exf5 28.e6 Bxd4 29.Qxf5 Kh8 30.Qf1 Qxf1 31.Rgxf1 f5
32.e7 Re8 33.Ba4 Rac8+ 34.Kb1 Bf6 35.Bxe8 Rxe8 36.Re6 Kg7 37.Rf4 Kf7 38.Re2 Rxe7 39.Rxe7+
Kxe7 40.b5 d4 41.a4 Kd6 42.b4 Kd5 43.a5 Be5 44.Rf1 d3 45.Rc1 Bd4 46.b6 axb6 47.a6
b5 48.Rc7 f4 49.a7 Bxa7 50.Rxa7 Ke4 51.Kc1 Kf3 52.Kd2 Kg4 53.Rg7 1-0

[Event "2. Bundesliga West 2014/15"]
[Site "Diverse"]
[Date "2014.11.30"]
[Round "5"]
[Board "1"]
[White "Krstic, Uros"]
[Black "Bayer, Bernhard"]
[Result "*"]
[WhiteElo "2428"]
[BlackElo "2441"]
[PlyCount "71"]
[EventDate "2014.10.10"]
[EventType "team"]
[EventRounds "11"]
[EventCountry "AUT"]
[WhiteTeam "Schwarzach"]
[BlackTeam "Schwaz"]

1.e4 e5 2.Nc3 Nf6 3.g3 d5 4.exd5 Nxd5 5.Bg2 Ne7 6.Nf3 Nbc6 7.d3 g6 8.Ne4 Bg7 9.O-O
O-O 10.Re1 a5 11.a4 b6 12.Bg5 f6 13.Bd2 Ba6 14.Nc3 Qd7 15.Nb5 Rad8 16.Qb1 Kh8 17.Qa2
Nb4 18.Qb3 c5 19.Na3 Bb7 20.Nc4 Nf5 21.Bxb4 cxb4 22.c3 Bxf3 23.Bxf3 Qxd3 24.Be4 Nd4
25.Bxd3 Nxb3 26.Rad1 Nc5 27.Bf1 bxc3 28.bxc3 Nxa4 29.Ra1 b5 30.Rec1 e4 31.Nxa5 f5
32.Bxb5 Nxc3 33.Bf1 Ra8 34.Nb3 Na2 35.Rd1 Bxa1 36.Rxa1

[Event "2. Bundesliga West 2014/15"]
[Site "Diverse"]
[Date "2014.11.30"]
[Round "5"]
[Board "2"]
[White "Panteleev, Petar"]
[Black "Biti, Ozren"]
[Result "1/2-1/2"]
[WhiteElo "2239"]
[BlackElo "2353"]
[PlyCount "50"]
[EventDate "2014.10.10"]
[EventType "team"]
[EventRounds "11"]
[EventCountry "AUT"]
[WhiteTeam "Schwaz"]
[BlackTeam "Schwarzach"]

1.d4 d6 2.Nf3 g6 3.c4 Bg7 4.e4 Bg4 5.Be2 Nc6 6.Be3 e5 7.d5 Bxf3 8.Bxf3 Nd4 9.Nc3 Ne7
10.h4 h5 11.g4 Nxf3+ 12.Qxf3 hxg4 13.Qxg4 Ng8 14.Bg5 Bf6 15.O-O-O Qd7 16.Qf3 Qe7 17.Qe3
a6 18.Kb1 b6 19.Rdg1 Rh5 20.Ne2 O-O-O 21.Nc1 Qd7 22.Qf3 Qe7 23.Qe3 Qd7 24.Qf3 Qe7
25.Qe3 Qd7 1/2-1/2

[Event "2. Bundesliga West 2014/15"]
[Site "Diverse"]
[Date "2014.11.30"]
[Round "5"]
[Board "3"]
[White "Roeberg, Frank"]
[Black "Fuchs, Georg"]
[Result "1/2-1/2"]
[WhiteElo "2249"]
[BlackElo "2187"]
[PlyCount "111"]
[EventDate "2014.10.10"]
[EventType "team"]
[EventRounds "11"]
[EventCountry "AUT"]
[WhiteTeam "Schwarzach"]
[BlackTeam "Schwaz"]

1.e4 e5 2.Bc4 Nf6 3.d3 Bc5 4.Nf3 d6 5.c3 O-O 6.Bb3 Bg4 7.Nbd2 Nh5 8.h3 Be6 9.d4 Bb6
10.Nc4 exd4 11.Ng5 Nf6 12.Nxe6 fxe6 13.Nxb6 axb6 14.Qxd4 d5 15.exd5 exd5 16.O-O c5
17.Qh4 Nbd7 18.Bg5 c4 19.Bc2 h6 20.Be3 Qc7 21.Rfd1 Rae8 22.Re1 Ne4 23.f3 Ng3 24.Ba4
Nf5 25.Qf2 Nxe3 26.Rxe3 Rxe3 27.Qxe3 Qc5 28.Kf2 Qxe3+ 29.Kxe3 Nc5 30.Bb5 Nd3 31.b3
Nf4 32.g3 Nxh3 33.bxc4 dxc4 34.Rh1 Ng5 35.f4 Nf7 36.Bxc4 Rc8 37.Kd4 Kf8 38.Rb1 Rc6
39.Bd5 Rd6 40.Ke4 Rg6 41.Kf3 Rd6 42.Bxb7 Rd3+ 43.Kg4 h5+ 44.Kh3 Rxc3 45.Rxb6 Rc2 46.Bd5
Nh6 47.a4 Ng4 48.Kh4 Nf6 49.Bc6 Ra2 50.Rb7 Rc2 51.Bf3 Rh2+ 52.Kg5 Rh3 53.Kf5 Rxg3
54.Bc6 Rc3 55.Bb5 h4 56.Rb8+ 1/2-1/2

[Event "2. Bundesliga West 2014/15"]
[Site "Diverse"]
[Date "2014.11.30"]
[Round "5"]
[Board "4"]
[White "Gruber, Michael"]
[Black "Hecht, Hans-Joachim"]
[Result "1/2-1/2"]
[WhiteElo "2196"]
[BlackElo "2326"]
[PlyCount "53"]
[EventDate "2014.10.10"]
[EventType "team"]
[EventRounds "11"]
[EventCountry "AUT"]
[WhiteTeam "Schwaz"]
[BlackTeam "Schwarzach"]

1.e4 e5 2.f4 exf4 3.Bc4 Nf6 4.Nc3 c6 5.Bb3 d5 6.exd5 cxd5 7.d4 Bd6 8.Nge2 Be6 9.Nxf4
Nc6 10.O-O O-O 11.Nxe6 fxe6 12.Bf4 Bxf4 13.Rxf4 Qd6 14.Qd2 Na5 15.Re1 Nxb3 16.axb3
a6 17.Qe3 Rae8 18.Qe5 Qxe5 19.Rxe5 Nd7 20.Rxf8+ Kxf8 21.Re2 Nf6 22.Nd1 Ke7 23.Nf2
Kd6 24.Nd3 Ne4 25.Nf2 Nf6 26.Nd3 Ne4 27.Nf2 1/2-1/2

[Event "2. Bundesliga West 2014/15"]
[Site "Diverse"]
[Date "2014.11.30"]
[Round "5"]
[Board "5"]
[White "Mikulic, Oliver"]
[Black "Binder, Moriz"]
[Result "0-1"]
[WhiteElo "2120"]
[BlackElo "2146"]
[PlyCount "76"]
[EventDate "2014.10.10"]
[EventType "team"]
[EventRounds "11"]
[EventCountry "AUT"]
[WhiteTeam "Schwarzach"]
[BlackTeam "Schwaz"]

1.e4 e5 2.Nf3 Nc6 3.Bc4 Bc5 4.c3 Nf6 5.d4 exd4 6.cxd4 Bb4+ 7.Nc3 Nxe4 8.O-O Bxc3 9.d5
Bf6 10.Re1 Ne7 11.Rxe4 d6 12.g4 O-O 13.h4 Ng6 14.h5 Nh4 15.Nh2 Bg5 16.f4 f5 17.Re6
Bxe6 18.dxe6 Be7 19.g5 d5 20.Qxd5 Qxd5 21.Bxd5 Rad8 22.Bb3 Rd3 23.Kf2 Rh3 24.Nf1 Rd8
25.Be3 c5 26.Rc1 b6 27.Bc4 Kf8 28.Bb5 Bd6 29.Bc6 Ke7 30.Re1 Bc7 31.a3 Rd6 32.Bg2 Nxg2
33.Kxg2 Rh4 34.Ng3 g6 35.Kf3 Rxe6 36.b4 cxb4 37.axb4 Bxf4 38.Bf2 Bxg3 0-1

[Event "2. Bundesliga West 2014/15"]
[Site "Diverse"]
[Date "2014.11.30"]
[Round "5"]
[Board "6"]
[White "Streiter, Gerhard"]
[Black "Ljubic, Juro"]
[Result "0-1"]
[WhiteElo "1986"]
[BlackElo "2213"]
[PlyCount "56"]
[EventDate "2014.10.10"]
[EventType "team"]
[EventRounds "11"]
[EventCountry "AUT"]
[WhiteTeam "Schwaz"]
[BlackTeam "Schwarzach"]

1.e4 c5 2.Nf3 Nc6 3.Bb5 g6 4.Bxc6 dxc6 5.d3 Bg7 6.h3 Nf6 7.Nc3 O-O 8.Be3 b6 9.Qd2
a5 10.a4 Qc7 11.Bh6 Nh5 12.Bxg7 Kxg7 13.O-O e5 14.Ne2 Ba6 15.g4 Nf6 16.b3 Rad8 17.Qe3
h5 18.Ng3 Bc8 19.gxh5 Bxh3 20.h6+ Kh8 21.Rfe1 Nh7 22.Ng5 Bc8 23.Kg2 Qe7 24.Nxh7 Kxh7
25.Re2 Rde8 26.f4 Qh4 27.fxe5 Bh3+ 28.Kg1 Rxe5 0-1

[Event "2. Bundesliga West 2014/15"]
[Site "Diverse"]
[Date "2015.01.23"]
[Round "6"]
[Board "1"]
[White "Wachinger, Guenther"]
[Black "Schramm, Christian"]
[Result "1/2-1/2"]
[WhiteElo "2233"]
[BlackElo "2397"]
[PlyCount "60"]
[EventDate "2014.10.10"]
[EventType "team"]
[EventRounds "11"]
[EventCountry "AUT"]
[WhiteTeam "HAK/HAS Innsbruck"]
[BlackTeam "SIR Bernhard 2"]

1.d4 e6 2.c4 Nf6 3.Nf3 c5 4.d5 exd5 5.cxd5 g6 6.Nc3 Bg7 7.e4 O-O 8.Bd3 d6 9.h3 a6
10.a4 Nbd7 11.O-O Rb8 12.Bf4 Qe7 13.Re1 Nh5 14.Bh2 Ne5 15.Be2 b5 16.axb5 axb5 17.g4
b4 18.Na4 Bxg4 19.hxg4 Nxg4 20.Bf1 Nxh2 21.Kxh2 Nf6 22.Qd3 Rfe8 23.Kg1 Nxe4 24.Bg2
f5 25.Nd2 Bd4 26.Nxe4 fxe4 27.Rxe4 Qf7 28.Rxd4 cxd4 29.Qxd4 Re5 30.Bh3 Qf6 1/2-1/2

[Event "2. Bundesliga West 2014/15"]
[Site "Diverse"]
[Date "2015.01.23"]
[Round "6"]
[Board "2"]
[White "Durakovic, Alman"]
[Black "Niedermeier, Thomas"]
[Result "0-1"]
[WhiteElo "2314"]
[BlackElo "2194"]
[PlyCount "76"]
[EventDate "2014.10.10"]
[EventType "team"]
[EventRounds "11"]
[EventCountry "AUT"]
[WhiteTeam "SIR Bernhard 2"]
[BlackTeam "HAK/HAS Innsbruck"]

1.d4 Nf6 2.c4 g6 3.g3 Bg7 4.Bg2 O-O 5.Nf3 c5 6.O-O cxd4 7.Nxd4 Nc6 8.Nc2 d6 9.Nc3
Qa5 10.Nd5 Nxd5 11.cxd5 Ne5 12.Bd2 Qa6 13.Bc3 Bg4 14.Re1 Rac8 15.Bf1 Rxc3 16.bxc3
Rc8 17.Ne3 Bd7 18.Rc1 Ba4 19.Qd2 Bh6 20.f4 Nd7 21.Ng4 Bg7 22.e4 Qa5 23.Re3 Qc5 24.Kg2
Qa5 25.Qe1 f5 26.Nf2 fxe4 27.c4 Qb6 28.Rxe4 e5 29.fxe5 Nc5 30.Nd3 Nxe4 31.Qxe4 Bxe5
32.Nxe5 Qb2+ 33.Be2 Qxc1 34.Ng4 Rf8 35.Qe6+ Kg7 36.Qxd6 Qb2 37.Qe7+ Rf7 38.Qe6 Bd1 0-1

[Event "2. Bundesliga West 2014/15"]
[Site "Diverse"]
[Date "2015.01.23"]
[Round "6"]
[Board "3"]
[White "Hajdarevic, Dino"]
[Black "Seyb, Alexander"]
[Result "1/2-1/2"]
[WhiteElo "2135"]
[BlackElo "2427"]
[PlyCount "45"]
[EventDate "2014.10.10"]
[EventType "team"]
[EventRounds "11"]
[EventCountry "AUT"]
[WhiteTeam "HAK/HAS Innsbruck"]
[BlackTeam "SIR Bernhard 2"]

1.d4 Nf6 2.Nf3 g6 3.c4 Bg7 4.g3 c6 5.Bg2 d5 6.cxd5 cxd5 7.Nc3 Ne4 8.O-O O-O 9.Ne5
Nxc3 10.bxc3 Nc6 11.Nxc6 bxc6 12.e4 Ba6 13.Re1 e6 14.Ba3 Re8 15.Bc5 Bf8 16.Bxf8 Rxf8
17.Qa4 Bb5 18.Qa3 Qb6 19.h4 Qa6 20.Qc5 Qb6 21.Qa3 Qa6 22.Qc5 Qb6 23.Qa3 1/2-1/2

[Event "2. Bundesliga West 2014/15"]
[Site "Diverse"]
[Date "2015.01.23"]
[Round "6"]
[Board "4"]
[White "Frank, Emanuel"]
[Black "Meier, Alexander"]
[Result "1/2-1/2"]
[WhiteElo "2178"]
[BlackElo "2186"]
[PlyCount "34"]
[EventDate "2014.10.10"]
[EventType "team"]
[EventRounds "11"]
[EventCountry "AUT"]
[WhiteTeam "SIR Bernhard 2"]
[BlackTeam "HAK/HAS Innsbruck"]

1.d4 d6 2.c4 e5 3.d5 g6 4.Nc3 a5 5.e4 Na6 6.a3 Bg7 7.Nf3 Nf6 8.Be2 O-O 9.O-O Qe8 10.Be3
Nh5 11.Re1 b6 12.b3 Kh8 13.Nd2 Nf4 14.Bf1 Nh5 15.Be2 Nf4 16.Bf1 Nh5 17.Be2 Nf4 1/2-1/2

[Event "2. Bundesliga West 2014/15"]
[Site "Diverse"]
[Date "2015.01.23"]
[Round "6"]
[Board "5"]
[White "Heinrich, Thomas"]
[Black "Wieneroiter, Gerald"]
[Result "1-0"]
[WhiteElo "2144"]
[BlackElo "2140"]
[PlyCount "104"]
[EventDate "2014.10.10"]
[EventType "team"]
[EventRounds "11"]
[EventCountry "AUT"]
[WhiteTeam "HAK/HAS Innsbruck"]
[BlackTeam "SIR Bernhard 2"]

1.d4 d5 2.c4 c6 3.cxd5 cxd5 4.Nf3 Nc6 5.Nc3 Nf6 6.Bf4 Bf5 7.Qb3 Na5 8.Qa4+ Bd7 9.Qc2
Rc8 10.e3 e6 11.Bd3 b5 12.Qe2 b4 13.Nb5 Qb6 14.O-O a6 15.Nc7+ Rxc7 16.Bxc7 Qxc7 17.Bxa6
Bd6 18.Rfc1 Qb6 19.Nd2 O-O 20.Bd3 Rb8 21.f4 Nc6 22.Nb3 Na7 23.Nc5 Bb5 24.a4 Bxd3 25.Qxd3
Nc6 26.b3 Na5 27.Rc2 g6 28.Rac1 Kg7 29.h3 Rc8 30.Nxe6+ fxe6 31.Rxc8 Ne4 32.Qb5 Qxb5
33.axb5 Nxb3 34.R1c7+ Kf6 35.b6 Na5 36.b7 Nxb7 37.Rxb7 Nd2 38.Rd8 Nc4 39.g4 g5 40.Rxd6
Nxd6 41.Rxb4 Ne4 42.Kg2 Kg6 43.Rb6 Kf7 44.fxg5 Nxg5 45.h4 Ne4 46.Kf3 h6 47.Kf4 Kf6
48.Ra6 Nf2 49.g5+ hxg5+ 50.hxg5+ Kf7 51.g6+ Kxg6 52.Rxe6+ Kf7 1-0

[Event "2. Bundesliga West 2014/15"]
[Site "Diverse"]
[Date "2015.01.23"]
[Round "6"]
[Board "6"]
[White "Prodinger, Johannes"]
[Black "Georgiev, Georgi"]
[Result "0-1"]
[WhiteElo "1911"]
[BlackElo "2107"]
[PlyCount "68"]
[EventDate "2014.10.10"]
[EventType "team"]
[EventRounds "11"]
[EventCountry "AUT"]
[WhiteTeam "SIR Bernhard 2"]
[BlackTeam "HAK/HAS Innsbruck"]

1.d4 Nf6 2.c4 c5 3.d5 b5 4.cxb5 a6 5.bxa6 Bxa6 6.Nc3 d6 7.g3 g6 8.Bg2 Bg7 9.Nf3 O-O
10.O-O Nbd7 11.Rb1 Qa5 12.Bd2 Rfb8 13.b3 Ra7 14.Qc2 Qb6 15.h3 Rc8 16.Rfe1 Ne8 17.e4
Nc7 18.Kh2 Rb7 19.Bf1 c4 20.Be3 Qa5 21.Na4 Nb5 22.b4 Na3 23.bxa5 Nxc2 24.Rxb7 Nxe1
25.Nxe1 Bxb7 26.Nb6 Rc7 27.Nxd7 Rxd7 28.Bxc4 Bc3 29.a6 Bxe1 30.axb7 Rxb7 31.a4 Rb4
32.Bb5 Rxe4 33.Bb6 Rb4 34.Ba5 Rxb5 0-1

[Event "2. Bundesliga West 2014/15"]
[Site "Diverse"]
[Date "2015.01.23"]
[Round "6"]
[Board "1"]
[White "Loetscher, Roland"]
[Black "Hertneck, Gerald"]
[Result "0-1"]
[WhiteElo "2458"]
[BlackElo "2465"]
[PlyCount "77"]
[EventDate "2014.10.10"]
[EventType "team"]
[EventRounds "11"]
[EventCountry "AUT"]
[WhiteTeam "Kufstein / Woergl"]
[BlackTeam "Sparkasse Neumarkt"]

1.d4 Nf6 2.c4 c5 3.d5 b5 4.cxb5 a6 5.bxa6 g6 6.Nc3 Bxa6 7.Nf3 d6 8.e4 Bxf1 9.Kxf1
Qc8 10.h3 Bg7 11.Kg1 O-O 12.Kh2 Na6 13.Re1 Qb7 14.Re2 Rfb8 15.Bg5 h6 16.Be3 Nc7 17.Qd2
Kh7 18.Rd1 Nb5 19.Qc2 Nxc3 20.bxc3 Ra3 21.Bd2 Qa6 22.Be1 Nd7 23.Kg1 Qc4 24.Kf1 Rba8
25.Qd3 Qxd3 26.Rxd3 Rxa2 27.Rd1 Ra1 28.Rxa1 Rxa1 29.Rc2 c4 30.Ke2 Nc5 31.Ke3 Nd3 32.Bd2
Rf1 33.Ra2 Rxf2 34.Ne1 Bxc3 35.Nxd3 Rxd2 36.Nc1 Rd1 37.Ne2 Rd3+ 38.Kf2 Bd2 39.Ra7 0-1

[Event "2. Bundesliga West 2014/15"]
[Site "Diverse"]
[Date "2015.01.23"]
[Round "6"]
[Board "2"]
[White "Sulava, Nenad"]
[Black "Bertagnolli, Alexander"]
[Result "1-0"]
[WhiteElo "2441"]
[BlackElo "2343"]
[PlyCount "93"]
[EventDate "2014.10.10"]
[EventType "team"]
[EventRounds "11"]
[EventCountry "AUT"]
[WhiteTeam "Sparkasse Neumarkt"]
[BlackTeam "Kufstein / Woergl"]

1.d4 Nf6 2.Bg5 Ne4 3.Bf4 e5 4.dxe5 d5 5.Nd2 Nc5 6.Ngf3 Be7 7.e3 g5 8.Bg3 h5 9.h4 g4
10.Nd4 a6 11.c3 Nbd7 12.Qc2 Nf8 13.O-O-O Ng6 14.e4 c6 15.Nf5 Nxe4 16.Nxe7 Qxe7 17.Nxe4
dxe4 18.Qxe4 O-O 19.Bc4 Kh7 20.Qe3 b5 21.Bb3 b4 22.cxb4 a5 23.Qg5 axb4 24.Rd6 Be6
25.Qxh5+ Kg7 26.Bxe6 fxe6 27.Rhd1 Rf7 28.Qxg4 b3 29.axb3 Kh7 30.Qxe6 Qxe6 31.Rxe6
Nf4 32.Bxf4 Rxf4 33.Rd7+ Kh8 34.Rh6+ Kg8 35.Rg6+ Kh8 36.f3 Rxh4 37.Rxc6 Rh2 38.Rd2
Rh1+ 39.Kc2 Re1 40.f4 Raa1 41.Kd3 Kg7 42.Kd4 Kf7 43.g3 Rg1 44.Ke4 Ra7 45.Rd3 Rg2 46.Kf5
Rxb2 47.Rcc3 1-0

[Event "2. Bundesliga West 2014/15"]
[Site "Diverse"]
[Date "2015.01.23"]
[Round "6"]
[Board "3"]
[White "Koepke, Christian"]
[Black "Gara, Anita"]
[Result "1/2-1/2"]
[WhiteElo "2322"]
[BlackElo "2341"]
[PlyCount "112"]
[EventDate "2014.10.10"]
[EventType "team"]
[EventRounds "11"]
[EventCountry "AUT"]
[WhiteTeam "Kufstein / Woergl"]
[BlackTeam "Sparkasse Neumarkt"]

1.e4 c5 2.Nf3 e6 3.d3 Nc6 4.g3 g6 5.Bg5 Qc7 6.Bg2 Bg7 7.c3 Nge7 8.O-O O-O 9.Re1 h6
10.Be3 b6 11.d4 cxd4 12.cxd4 d5 13.Bf4 Qd7 14.Nc3 dxe4 15.Nxe4 Nd5 16.Ne5 Nxe5 17.Bxe5
Bb7 18.Bxg7 Kxg7 19.Qd2 Rfd8 20.Rad1 Rac8 21.a3 Bc6 22.h4 Ba4 23.Rc1 Ne7 24.Rxc8 Rxc8
25.d5 Qxd5 26.Qb4 Qd7 27.b3 Bb5 28.Nd6 Rc5 29.Qd4+ Kh7 30.Qf6 Ng8 31.Qxf7+ Qxf7 32.Nxf7
Be8 33.Nd8 e5 34.Ne6 Ra5 35.b4 Rxa3 36.Rxe5 Nf6 37.Nc7 Ra1+ 38.Bf1 Bf7 39.Kg2 a5 40.bxa5
bxa5 41.Bd3 Kg8 42.Nb5 Rd1 43.Be2 Rd5 44.Rxd5 Bxd5+ 45.f3 Ng4 46.Kf1 Ne5 47.f4 Nc4
48.Nc3 Be6 49.Na4 Kg7 50.Kf2 h5 51.f5 gxf5 52.Bxh5 Nd6 53.Bd1 Bd5 54.Ke3 Bc6 55.Kf4
Kf6 56.g4 fxg4 1/2-1/2

[Event "2. Bundesliga West 2014/15"]
[Site "Diverse"]
[Date "2015.01.23"]
[Round "6"]
[Board "4"]
[White "Wuppinger, Manfred"]
[Black "Maurer, Jochen"]
[Result "0-1"]
[WhiteElo "2073"]
[BlackElo "2254"]
[PlyCount "120"]
[EventDate "2014.10.10"]
[EventType "team"]
[EventRounds "11"]
[EventCountry "AUT"]
[WhiteTeam "Sparkasse Neumarkt"]
[BlackTeam "Kufstein / Woergl"]

1.e4 e5 2.Nf3 d6 3.Nc3 Nf6 4.Bc4 Be7 5.d4 exd4 6.Nxd4 O-O 7.O-O c6 8.Be3 Re8 9.Nf3
Bg4 10.h3 Bh5 11.Qe2 Nbd7 12.g4 Bg6 13.Nd2 b5 14.Bd3 b4 15.Na4 d5 16.exd5 Nxd5 17.Nc4
Bg5 18.Bxg6 hxg6 19.Rad1 Qc7 20.Qd3 Bxe3 21.Nxe3 Nxe3 22.Qxd7 Qxd7 23.Rxd7 Nxf1 24.Kxf1
Kf8 25.Nc5 a5 26.Rc7 Rad8 27.Nd3 Rc8 28.Ra7 Ra8 29.Rc7 Rec8 30.Rb7 Rab8 31.Ra7 Ra8
32.Rb7 Rab8 33.Ra7 Rb5 34.h4 g5 35.hxg5 Rxg5 36.f3 Rb5 37.Kg2 g5 38.Kg3 Kg7 39.f4
gxf4+ 40.Nxf4 Re8 41.Rd7 Rc5 42.Rd2 Re3+ 43.Kh4 Kf6 44.Nh5+ Ke7 45.Ng3 Re1 46.Nf5+
Kf6 47.Rf2 Ke5 48.Kg5 f6+ 49.Kg6 Rc4 50.Nh6 Rf4 51.Rd2 Ra1 52.Re2+ Kd5 53.Nf5 Rxg4+
54.Kxf6 Kc5 55.Re5+ Kb6 56.Ne3 Rh4 57.b3 Rxa2 58.Kg5 Rd4 59.Kf5 a4 60.Nc4+ Rxc4 0-1

[Event "2. Bundesliga West 2014/15"]
[Site "Diverse"]
[Date "2015.01.23"]
[Round "6"]
[Board "5"]
[White "Rusche, Johannes"]
[Black "Egger, Martin"]
[Result "1-0"]
[WhiteElo "2274"]
[BlackElo "2061"]
[PlyCount "67"]
[EventDate "2014.10.10"]
[EventType "team"]
[EventRounds "11"]
[EventCountry "AUT"]
[WhiteTeam "Kufstein / Woergl"]
[BlackTeam "Sparkasse Neumarkt"]

1.e4 e5 2.Nf3 Nc6 3.Bb5 a6 4.Ba4 Nf6 5.O-O Be7 6.Re1 b5 7.Bb3 O-O 8.h3 Bb7 9.d3 d6
10.a3 Na5 11.Ba2 c5 12.Nbd2 Nd7 13.Nf1 Nb6 14.Ne3 Bc8 15.Bd2 Nc6 16.Nh2 Bg5 17.Nhf1
a5 18.Ng3 a4 19.Nef5 Bxd2 20.Qxd2 Be6 21.Re3 Bxa2 22.Rxa2 Nd4 23.Ra1 f6 24.Rf1 Ra7
25.f4 Nxf5 26.Nxf5 exf4 27.Rxf4 d5 28.Qf2 d4 29.Rg3 Kh8 30.Rh4 g5 31.Rh6 Raf7 32.h4
c4 33.Nxd4 Rg7 34.Ne6 1-0

[Event "2. Bundesliga West 2014/15"]
[Site "Diverse"]
[Date "2015.01.23"]
[Round "6"]
[Board "6"]
[White "Baier, Patrick"]
[Black "Neuschmied, Siegfried"]
[Result "0-1"]
[WhiteElo "1954"]
[BlackElo "2246"]
[PlyCount "64"]
[EventDate "2014.10.10"]
[EventType "team"]
[EventRounds "11"]
[EventCountry "AUT"]
[WhiteTeam "Sparkasse Neumarkt"]
[BlackTeam "Kufstein / Woergl"]

1.Nf3 g6 2.b3 Bg7 3.d4 c5 4.Bb2 cxd4 5.Bxd4 Nf6 6.g3 Nc6 7.Bb2 Qb6 8.e3 d5 9.Bg2 O-O
10.O-O Bf5 11.Nbd2 Rac8 12.c3 Bd3 13.Re1 Rfd8 14.Rc1 Ba6 15.Bf1 e5 16.Rc2 e4 17.Nd4
Ne5 18.Bxa6 Qxa6 19.Qb1 Nd3 20.Rf1 Ng4 21.c4 Nb4 22.Rcc1 Nxa2 23.Rcd1 f5 24.Qa1 Nb4
25.Qxa6 Nxa6 26.Ne6 Bxb2 27.Nxd8 Rxd8 28.cxd5 b5 29.Rb1 Bc3 30.Rfd1 Ne5 31.Rbc1 Bxd2
32.Rxd2 Nf3+ 0-1

[Event "2. Bundesliga West 2014/15"]
[Site "Diverse"]
[Date "2015.01.23"]
[Round "6"]
[Board "1"]
[White "Wegener, Olaf"]
[Black "Krassowizkij, Jaroslaw"]
[Result "1/2-1/2"]
[WhiteElo "2441"]
[BlackElo "2408"]
[PlyCount "90"]
[EventDate "2014.10.10"]
[EventType "team"]
[EventRounds "11"]
[EventCountry "AUT"]
[WhiteTeam "Rochade Rum"]
[BlackTeam "Goetzis"]

1.e4 e6 2.d4 d5 3.Nd2 Nf6 4.e5 Nfd7 5.Bd3 c5 6.c3 b5 7.Bxb5 Qb6 8.Qa4 a6 9.Bd3 Nc6
10.Ngf3 cxd4 11.cxd4 a5 12.O-O Ba6 13.Bxa6 Qxa6 14.Nb1 Rb8 15.Nc3 Be7 16.Qd1 O-O 17.b3
Rfc8 18.Bb2 Bb4 19.Rc1 Bxc3 20.Rxc3 a4 21.Qb1 axb3 22.axb3 Na5 23.Ng5 Nf8 24.Rfc1
Rxc3 25.Rxc3 Nxb3 26.Nf3 Qb5 27.Rc2 Na5 28.Qd1 Qa4 29.Bc3 Nc4 30.Rc1 Qxd1+ 31.Rxd1
Rb3 32.Rc1 Nd7 33.Kf1 Ndb6 34.Ke2 Na4 35.Bd2 Rb2 36.Ra1 Nab6 37.Kd3 h6 38.h4 h5 39.Ra7
f6 40.Re7 fxe5 41.dxe5 Na4 42.Be3 Rb3+ 43.Kc2 Rb2+ 44.Kd3 Rb3+ 45.Kc2 Rb2+ 1/2-1/2

[Event "2. Bundesliga West 2014/15"]
[Site "Diverse"]
[Date "2015.01.23"]
[Round "6"]
[Board "2"]
[White "Eisenbeiser, Amadeus"]
[Black "Braeuer, Franz"]
[Result "1/2-1/2"]
[WhiteElo "2365"]
[BlackElo "2387"]
[PlyCount "136"]
[EventDate "2014.10.10"]
[EventType "team"]
[EventRounds "11"]
[EventCountry "AUT"]
[WhiteTeam "Goetzis"]
[BlackTeam "Rochade Rum"]

1.e4 c5 2.Nf3 d6 3.Bc4 Nf6 4.Qe2 Nc6 5.c3 a6 6.Bb3 Na5 7.Bc2 e5 8.O-O Be7 9.h3 O-O
10.d4 Qc7 11.d5 b5 12.b4 Nc4 13.a4 Bd7 14.Bd3 Nb6 15.a5 Na4 16.Be3 Rfc8 17.Rc1 Qd8
18.Ra2 g6 19.Qe1 Nh5 20.Bc2 cxb4 21.cxb4 f5 22.Bxa4 Rxc1 23.Qxc1 bxa4 24.Nc3 Rc8 25.Qd2
fxe4 26.Nxe4 Qc7 27.Nxe5 Bf5 28.Nc6 Bxe4 29.f3 Bb1 30.Ra1 Bf5 31.g4 Bf6 32.Rc1 Qd7
33.gxh5 a3 34.Bd4 Qg7 35.Bxf6 Qxf6 36.Re1 Rf8 37.hxg6 Bxg6 38.Ne7+ Kg7 39.Nxg6 hxg6
40.Re3 Qg5+ 41.Kf2 Qh4+ 42.Ke2 Qc4+ 43.Qd3 Qa2+ 44.Kf1 Qa1+ 45.Re1 Qb2 46.Re2 Qxb4
47.Kg2 Rf5 48.Qe4 Qc3 49.f4 Qf6 50.Qd3 Rxf4 51.Qxa3 Qg5+ 52.Kh2 Rf1 53.Qc3+ Kh7 54.Qd4
Qf4+ 55.Qxf4 Rxf4 56.Re6 Ra4 57.Rxd6 Rxa5 58.Kg3 Ra4 59.Rd7+ Kg8 60.d6 Rd4 61.Kf3
Kf8 62.Ke3 Rd1 63.Kf4 Ke8 64.Re7+ Kf8 65.Rd7 Ke8 66.Re7+ Kf8 67.Rd7 Ke8 68.Re7+ Kf8 1/2-1/2